Logo CIB grande

MARPOL 73/78: Articulos, protocolos, anexos e interpretaciones unificadas del convenio internacional para prevenir la contaminación por los buques, 1973, modificado por el protocolo de 1978. (Registro nro. 224520)

Detalles MARC
000 -LEADER
campo de control de longitud fija 00825nam a2200217Ia 4500
005 - FECHA Y HORA DE LA ÚLTIMA TRANSACCIÓN
campo de control 20250425162215.0
008 - DATOS DE LONGITUD FIJA--INFORMACIÓN GENERAL
campo de control de longitud fija 250425s9999 xx 000 0 und d
020 ## - NÚMERO INTERNACIONAL ESTÁNDAR DEL LIBRO
Número Internacional Estándar del Libro 9280135570
041 ## - CÓDIGO DE IDIOMA
Código de lengua del texto/banda sonora o título independiente spa
082 ## - NÚMERO DE LA CLASIFICACIÓN DECIMAL DEWEY
Número de clasificación 333.9114
Iniciales del Autor ORG
010 ## - NÚMERO DE CONTROL DE LA BIBLIOTECA DEL CONGRESO
Número de control de LC 56731
100 ## - ENTRADA PRINCIPAL--NOMBRE DE PERSONA
Nombre de persona Organización Marítima Internacional, OMI
245 #0 - MENCIÓN DEL TÍTULO
Título MARPOL 73/78: Articulos, protocolos, anexos e interpretaciones unificadas del convenio internacional para prevenir la contaminación por los buques, 1973, modificado por el protocolo de 1978.
Mención de responsabilidad, etc. Organización Marítima Internacional
250 ## - MENCION DE EDICION
Mención de edición 1a. edición
260 ## - PUBLICACIÓN, DISTRIBUCIÓN, ETC.
Lugar de publicación, distribución, etc. Londres
Nombre del editor, distribuidor, etc. Organización Marítima Internacional. OMI
Fecha de publicación, distribución, etc. 2002
300 ## - DESCRIPCIÓN FÍSICA
Extensión 553 p.
Dimensiones 25.8 cm.
500 ## - NOTA GENERAL
Nota general Indicé, apéndice, anexos
650 ## - PUNTO DE ACCESO ADICIONAL DE MATERIA--TÉRMINO DE MATERIA
Término de materia o nombre geográfico como elemento de entrada Contaminación del mar
650 ## - PUNTO DE ACCESO ADICIONAL DE MATERIA--TÉRMINO DE MATERIA
Término de materia o nombre geográfico como elemento de entrada Contaminación Petrolífera
942 ## - ELEMENTOS DE ENTRADA SECUNDARIOS (KOHA)
Tipo de ítem Koha Libros
Existencias
Estatus retirado Estado de pérdida Estado de daño No para préstamo Biblioteca de origen Biblioteca actual Fecha de adquisición Coste, precio normal de compra Etiqueta RFID Total de préstamos Código de barras Copia número Tipo de ítem Koha
        CENTRO DE INFORMACIÓN BIBLIOTECARIA CENTRO DE INFORMACIÓN BIBLIOTECARIA 24/11/2005 20.00 0000000000000000037701   D-60898 1 Libros

Copyright 2025 ESPOL. Todos los derechos reservados.